AU LIBRARIES
Centralized Library System Across Seven Campuses

The Count Of Monte Cristo (Record no. 47426)

MARC details
000 -LEADER
fixed length control field 00405nam a2200169 4500
005 - DATE AND TIME OF LATEST TRANSACTION
control field 20260519122245.0
008 - FIXED-LENGTH DATA ELEMENTS--GENERAL INFORMATION
fixed length control field 260428b |||||||| |||| 00| 0 eng d
020 ## - INTERNATIONAL STANDARD BOOK NUMBER
ISBN 9780140449266
082 ## - DEWEY DECIMAL CLASSIFICATION NUMBER
Classification number 843.7
Author Mark DUM-T
100 ## - MAIN ENTRY--AUTHOR
Author Name Dumas Alexandre
245 ## - TITLE STATEMENT
Title The Count Of Monte Cristo
250 ## - EDITION STATEMENT
Edition statement Volume II
260 ## - PUBLICATION, DISTRIBUTION, ETC.
Place of Publication New York
Name of publisher, distributor, etc. Penguin Books
300 ## - PHYSICAL DESCRIPTION
Pages 1550p
650 ## - SUBJECT ADDED ENTRY--TOPICAL TERM
Subject / Department English
942 ## - ADDED ENTRY ELEMENTS (KOHA)
Koha item type Book
Holdings
Withdrawn status Lost status Damaged status Not for loan Collection code Permanent Location Current Location Shelving Location Date acquired Source of acquisition Total Checkouts Full Call Number Accession No./Barcode Date last seen Koha item type
        English Air University H-11 Campus Islamabad Air University H-11 Campus Islamabad English Literature 04/28/2026 Ali Book Services   843.7 DUM-T AUHEP0035 V-II 04/28/2026 Book
Air University Sector E-9, Islamabad Pakistan
Email: librarian@au.edu.pk  Tel : +0092 51 9262612 Ext: 631